Methematical models of Biological systems (Record no. 158556)

MARC details
000 -LEADER
fixed length control field 00387nam a2200145Ia 4500
008 - FIXED-LENGTH DATA ELEMENTS--GENERAL INFORMATION
fixed length control field 230917s9999||||xx |||||||||||||| ||und||
040 ## - CATALOGING SOURCE
-- 188642
Original cataloging agency VIVEKANANDA LIBRARY
041 ## - Language
-- English
082 ## - DDC NUMBER
Classification number 570.0151 D41M
100 ## - MAIN ENTRY--PERSONAL NAME
Personal name Dem Berg, Hugo Van
245 #0 - TITLE STATEMENT
Title Methematical models of Biological systems
260 ## - PUBLICATION, DISTRIBUTION, ETC. (IMPRINT)
Place of publication, distribution, etc Oxford
Name of publisher, distributor, etc Oxford University Press
Date of publication, distribution, etc 2011
300 ## - PHYSICAL DESCRIPTION
Pages xiv, 236 p.
942 ## - ADDED ENTRY ELEMENTS (KOHA)
Koha item type Books
Holdings
Withdrawn status Lost status Damaged status Not for loan Location (home branch) Sublocation or collection (holding branch) Date acquired Koha issues (times borrowed) Koha full call number Accession No. Koha date last seen Koha item type
        VIVEKANANDA LIBRARY VIVEKANANDA LIBRARY 10/09/2011   570.0151 D41M 291248 17/09/2023 Books
© Designed and Maintained by Vivekananda Library, MDU Rohtak